[Event "V ECC Women"]
[Site "Halle GER"]
[Date "2000.09.24"]
[Round "1"]
[White "Krivec,J"]
[Black "Markovic,G"]
[Result "0-1"]
[WhiteElo "2199"]
[BlackElo "2274"]

1.e4 d6 2.d4 Nf6 3.Nc3 e5 4.Nf3 Nbd7 5.Bc4 Be7 6.Ng5 O-O 7.Bxf7+ Rxf7 8.Ne6 Qe8
9.Nxc7 Qd8 10.Nxa8 b6 11.dxe5 Nxe5 12.Be3 Bb7 13.Nxb6 axb6 14.Qd4 b5 15.f3 Bc6
16.O-O Nc4 17.a4 Nxe3 18.Qxe3 b4 19.Ne2 Qa5 20.Nd4 Bb7 21.Nf5 Bf8 22.Kh1 Rc7
23.Rfd1 Qe5 24.Qb6 d5 25.Qb5 g6 26.Ng3 Qxb2 27.exd5 Bxd5 28.a5 Rxc2 29.Rab1 Qa2
30.Ra1 Qb3 31.Rdb1 Qc3 32.Ne4 Bxe4 33.fxe4 Qd2 34.Qf1 Nxe4 35.a6 Nf2+ 36.Kg1 Bc5
37.a7 Ne4+ 38.Kh1 Ng3+  0-1

[Event "WJun"]
[Site "Yerevan ARM"]
[Date "2000.09.26"]
[Round "8"]
[White "Kose,S"]
[Black "Saric,Ib"]
[Result "0-1"]
[WhiteElo "2200"]
[BlackElo "2345"]

1.e4 d6 2.d4 Nf6 3.Nc3 c6 4.f4 d5 5.e5 Ng8 6.Bd3 g6 7.Nf3 h5 8.Qe2 e6 9.Be3 Nh6
10.Nd1 Nf5 11.c3 b6 12.Bf2 Be7 13.g3 a5 14.Ne3 Ba6 15.Rd1 Bxd3 16.Qxd3 Qc8
17.h3 Qa6 18.Ke2 Nxe3 19.Bxe3 Qxd3+ 20.Kxd3 c5 21.g4 Nc6 22.a3 c4+ 23.Kc2 b5
24.Ra1 Kd7 25.Rhf1 hxg4 26.hxg4 Rh3 27.Rf2 Rb8 28.Bd2 Rg3 29.f5 Rh8 30.f6 Bf8
31.Rg1 Rxg1 32.Nxg1 b4 33.axb4 axb4 34.Bf4 Rh1 35.Rf1 Rh4 36.g5 Kc7 37.Ne2 Kb7
38.Ra1 Na7 39.Kd2 Nb5 40.Bg3 Rh3 41.Rg1 Rh5 42.Nf4 Rxg5 43.Rh1 Rxg3 44.Rh7 bxc3+
45.bxc3 Kc6 46.Rh8 Ba3 47.Rh7 Rxc3 48.Rxf7 Bc1+ 49.Ke2 Nxd4+ 50.Kf2  0-1

[Event "WJun (Girls)"]
[Site "Yerevan ARM"]
[Date "2000.10.01"]
[Round "12"]
[White "Babataeva,I"]
[Black "Gasparian,M"]
[Result "0-1"]
[WhiteElo "2077"]
[BlackElo "2090"]

1.e4 d6 2.d4 Nf6 3.Nc3 c6 4.g3 Nbd7 5.Bg2 e5 6.Nge2 g6 7.a4 Bg7 8.O-O O-O
9.h3 Re8 10.Be3 Qc7 11.g4 exd4 12.Bxd4 Nc5 13.Ng3 Ne6 14.Be3 Nd7 15.f4 Nec5
16.Qd2 Nb6 17.b3 Be6 18.Rad1 Rad8 19.Nce2 Bc8 20.a5 Na8 21.Bd4 Bxd4+ 22.Nxd4 Ne6
23.Nxe6 fxe6 24.f5 d5 25.f6 Rf8 26.Qh6 Rf7 27.Rd3 Qxa5 28.h4 Qc5+ 29.Kh2 Qxc2
30.Rd2 Qc3 31.Rf3 Qe5 32.exd5 exd5 33.Re2 Qd6 34.Qg5 Rdf8 35.Ref2 Nc7 36.h5 Ne6
37.Qh6 g5 38.Kh1 Re8 39.Nf5 Qf8 40.Ne7+ Rfxe7 41.Qxf8+ Kxf8 42.fxe7+ Kg8
43.Bf1 Rxe7 44.Rf5 h6 45.Rf6 Nf4 46.Rxh6 Bxg4 47.Rxf4 gxf4  0-1

[Event "ch-HUN KO"]
[Site "Budapest HUN"]
[Date "2000.10.02"]
[Round "4.1"]
[White "Madl,I"]
[Black "Seres,L"]
[Result "1/2-1/2"]
[WhiteElo "2418"]
[BlackElo "2444"]

1.e4 d6 2.d4 Nf6 3.Nc3 e5 4.Nf3 Nbd7 5.Bc4 Be7 6.O-O O-O 7.a4 c6 8.Re1 b6
9.b3 Bb7 10.Ba3 Rc8 11.Qd2 a6 12.dxe5 dxe5 13.Bxe7 Qxe7 14.Nh4 g6 15.Qg5 Kh8
16.Re3 b5 17.Bf1 Rfe8 18.Rae1 Nc5 19.g3 Rcd8 20.Bg2 Rd6 21.R3e2 bxa4 22.Nxa4 Nxa4
23.bxa4 Rd4 24.Rb1 Ba8 25.c3 Rxa4 26.Reb2 Qd6 27.Rd2 Qe6 28.Rdb2 Qd6 29.Rd2 Qe6
30.f3 Ng8 31.Qe3 Ra5 32.Bf1 Ra2 33.Rdd1 a5 34.Qa7 Qe7 35.Qxe7 Nxe7 36.Bc4 Ra3
37.Bxf7 Rf8 38.Be6 Rxc3 39.Rd7 Ng8 40.Rbd1 Nf6 41.Ra7 c5 42.Rxa5 g5 43.Nf5 Rxf3
44.Rxc5 Nxe4 45.Rc8 Rxc8 46.Bxc8 h5 47.Rd8+ Kh7 48.Rd7+ Kh8 49.Rd8+ Kh7 50.Rd7+ Kh8
51.Rd8+  1/2-1/2

[Event "ch-HUN KO"]
[Site "Budapest HUN"]
[Date "2000.10.02"]
[Round "4.1"]
[White "Fogarasi,T"]
[Black "Dudas,Jano"]
[Result "1/2-1/2"]
[WhiteElo "2456"]
[BlackElo "2338"]

1.e4 d6 2.d4 Nf6 3.Nc3 e5 4.Nf3 Nbd7 5.Bc4 Be7 6.O-O O-O 7.Re1 c6 8.a4 b6
9.Bg5 a6 10.d5 c5 11.Bf1 Ne8 12.Be3 g6 13.g3 Ng7 14.Nd2 f5 15.exf5 Nxf5 16.Nde4 Nf6
17.Nxf6+ Bxf6 18.Ne4 Nxe3 19.Rxe3 Ra7 20.c3 Bg5 21.Re1 Bf5 22.b4 Bxe4 23.Rxe4 Raf7
24.Ra2 Qc8 25.h4  1/2-1/2

[Event "1st European Rapid Ch"]
[Site "Neum BIH"]
[Date "2000.10.02"]
[Round "1"]
[White "Dreev,A"]
[Black "Dizdarevic,E"]
[Result "1-0"]
[WhiteElo "2676"]
[BlackElo "2527"]

1.d4 d6 2.e4 Nf6 3.Nc3 c6 4.Bg5 Nbd7 5.Nf3 h6 6.Bf4 Qc7 7.e5 Nh5 8.Bd2 dxe5
9.Nxe5 g6 10.f4 Bg7 11.Bc4 e6 12.Qf3 Nhf6 13.O-O-O Nb6 14.Bd3 Nbd5 15.g4 b6
16.g5 Ng8 17.Nxc6 Nxc3 18.Bxc3 Bb7 19.Be4 Rc8 20.d5 Bxc3 21.Qxc3 Qxf4+ 22.Kb1 Rh7
23.d6 Bxc6 24.Bxc6+ Kd8 25.d7 Rc7 26.Qa3  1-0

[Event "1st European Rapid Ch"]
[Site "Neum BIH"]
[Date "2000.10.03"]
[Round "11"]
[White "Greenfeld,A"]
[Black "Azmaiparashvili,Z"]
[Result "0-1"]
[WhiteElo "2574"]
[BlackElo "2673"]

1.d4 d6 2.e4 Nf6 3.Nc3 e5 4.dxe5 dxe5 5.Qxd8+ Kxd8 6.Bc4 Ke8 7.Nf3 Bd6 8.Bg5 Nbd7
9.O-O-O a6 10.Rhe1 h6 11.Bh4 Nb6 12.Bb3 Bg4 13.Rd3 Nfd7 14.h3 Bxf3 15.Rxf3 Rf8
16.Rd3 Nc5 17.Rd2 Be7 18.Bxe7 Kxe7 19.Nd5+ Nxd5 20.Rxd5 Nd7 21.Bc4 c6 22.Rd2 a5
23.Bf1 Nc5 24.h4 Rfd8 25.c3 g5 26.hxg5 hxg5 27.g3 Rh8 28.Bg2 Rad8 29.Rxd8 Kxd8
30.Kd2 Rh2 31.Rg1 Ke7 32.b3 b5 33.Ke3 b4 34.Bf3 Rh8 35.Rc1 Kd6 36.Bg4 bxc3
37.Rxc3 Rh1 38.Rc2 Re1+ 39.Re2 Rd1 40.Rc2 Rd4 41.Bf5 a4 42.bxa4 Rxa4 43.f3 Ra3+
44.Ke2 Na4 45.Rd2+ Kc5 46.Rc2+ Kb6 47.Bd7 Rxa2 48.Rxa2 Nc3+ 49.Ke3 Nxa2 50.f4 gxf4+
51.gxf4 f6 52.fxe5 fxe5 53.Kd3 Kc5 54.Be6 Nb4+ 55.Kc3 Na6 56.Bg8 Nc7 57.Bf7 Nb5+
58.Kd3 Kb4 59.Bg8 c5 60.Be6 Nd6 61.Bg8 c4+ 62.Kc2 Kc5  0-1

[Event "White Tower Open"]
[Site "Halkidiki GRE"]
[Date "2000.10.04"]
[Round "2"]
[White "Gadjily,R"]
[Black "Karapanos,N"]
[Result "1-0"]
[WhiteElo "2413"]
[BlackElo "2305"]

1.e4 d6 2.d4 Nf6 3.Nc3 c6 4.a4 Qa5 5.Bd2 Qc7 6.f4 e5 7.Nf3 Bg4 8.dxe5 dxe5
9.f5 Bb4 10.h3 Bxf3 11.Qxf3 Nbd7 12.Bd3 O-O-O 13.O-O h5 14.Be3 Bc5 15.a5 Qd6
16.Na4 Bxe3+ 17.Qxe3 Qd4 18.Rfe1 Rhe8 19.c3 Qxe3+ 20.Rxe3 b5 21.axb6 axb6
22.b4 b5 23.Nb2 Nb6 24.Rc1 Re7 25.c4 bxc4 26.Bxc4 Rd4 27.Ba6+ Kd8 28.Nd3 Ra7
29.Nxe5 Ke8 30.Nxc6 Rc7 31.b5 Kf8 32.Rce1 Rd2 33.R3e2 Rxe2 34.Rxe2 Rd7 35.e5 Rd1+
36.Kf2 Nfd5 37.e6 fxe6 38.fxe6 Nf4 39.Re4 Nbd5 40.e7+ Ke8 41.Bc8 Nd3+ 42.Kg3 Nc5
43.Re5 Rd2 44.Bf5 h4+ 45.Kf3  1-0

[Event "1st European Blitz Ch"]
[Site "Neum BIH"]
[Date "2000.10.04"]
[Round "3"]
[White "Tkachiev,V"]
[Black "Bajramovic,H"]
[Result "1-0"]
[WhiteElo "2657"]
[BlackElo "2223"]

1.d4 d6 2.e4 Nf6 3.Nc3 c6 4.f4 Qc7 5.Nf3 Nbd7 6.e5 Nd5 7.Nxd5 cxd5 8.Bd3 e6
9.O-O Be7 10.c3 b6 11.Qe1 a5 12.Qg3 g6 13.Re1 Ba6 14.Bc2 b5 15.a3 Bb7 16.Bd3 Bc6
17.f5 gxf5 18.Bf4 Qb6 19.Qg7 Rf8 20.Bg5 dxe5 21.Bxe7 Kxe7 22.Nxe5 Nxe5 23.Rxe5 Rg8
24.Rxe6+ Kxe6 25.Re1+ Kd6 26.Qe5+ Kd7 27.Bxf5+  1-0

[Event "FSIMA October"]
[Site "Budapest HUN"]
[Date "2000.10.07"]
[Round "1"]
[White "Spaan,N"]
[Black "Bree,T"]
[Result "0-1"]
[WhiteElo "2268"]
[BlackElo "2252"]

1.e4 d6 2.d4 Nf6 3.Nc3 c6 4.Nf3 Bg4 5.Be2 e6 6.O-O Be7 7.h3 Bh5 8.d5 Bxf3
9.Bxf3 cxd5 10.exd5 e5 11.Be3 O-O 12.Qd2 Nbd7 13.Rfd1 Ne8 14.Be2 f5 15.f4 exf4
16.Bxf4 Bf6 17.Nb5 Bxb2 18.Rab1 Be5 19.Bxe5 Nxe5 20.Nd4 Rf7 21.Ne6 Qc8 22.Rb3 Nf6
23.Rc3 Qb8 24.Bf3 a6 25.Qd4 b5 26.Rb1 Qa7 27.Qxa7 Rfxa7 28.Nd4 g6 29.Rd1 Re8
30.Kf1 Nc4 31.Ne6 Rc8 32.Kg1 b4 33.Rb3 a5 34.g4 Ne5 35.gxf5 gxf5 36.Rd2 a4
37.Rg2+ Kh8 38.Re3 f4 39.Nxf4 Rc3 40.Rxc3 bxc3 41.Be2 Ne4 42.h4 Rb7 43.Ne6 Rb2
44.Rg7 Rxc2 45.Rc7 h6 46.Bh5 Nf6 47.Rc8+ Ng8 48.Nf4 Rxa2 49.Rxc3 Rd2 50.Rc7 Rd4
51.Bg6 Nf6 52.Rc8+ Ng8 53.Rc7 Rd1+ 54.Kg2 Nf6 55.h5 Nxd5 56.Rc8+ Kg7 57.Ne6+ Kf6
58.Nf8 Nf4+ 59.Kf2 Nexg6 60.hxg6 Nxg6  0-1

[Event "FSIMA October"]
[Site "Budapest HUN"]
[Date "2000.10.10"]
[Round "4"]
[White "Karaklajic,N"]
[Black "Bree,T"]
[Result "1/2-1/2"]
[WhiteElo "2366"]
[BlackElo "2252"]

1.e4 d6 2.d4 Nf6 3.Nc3 c6 4.a4 a5 5.h3 Nbd7 6.Nf3 e5 7.Bc4 Be7 8.O-O O-O
9.Qe2 Qc7 10.Bb3 b6 11.Re1 Ba6 12.Qd1 exd4 13.Nxd4 Rfe8 14.Nf5 Bf8 15.Bf4 Ne5
16.Qd2 Rad8 17.Bg5 Be7 18.Qf4 Ng6 19.Qf3 Bc8 20.Nh6+ gxh6 21.Bxf6 Bxf6 22.Qxf6 Qe7
23.Qxe7 Rxe7 24.f3 Ba6 25.Kf2 Kf8 26.Rad1 h5 27.Rd2 Re5 28.Nd1 Rg5 29.Ne3 Ne7
30.Bc4 Bc8 31.Red1 Rg6 32.Bd3 Be6 33.f4 Rf6 34.f5 d5 35.e5 Rxf5+ 36.Nxf5 Nxf5
37.Bxf5 Bxf5 38.Ke3 Be6 39.Rd4 Ke7 40.Kf2 Rg8 41.Rf4 Rg5 42.Re1 c5 43.c3 c4
44.h4 Rg6 45.Rb1 Kd7 46.g3 Kc7 47.Re1 Kc6 48.Rf6 Kc5 49.Rxg6 hxg6 50.Ke3 Bd7
51.Rf1 Be6 52.Re1 Bd7 53.Ra1 Bf5 54.Rf1 Be6 55.Rf6 Kc6 56.Kd4 Kc7 57.Rf1 Kc6
58.b4 cxb3 59.Rb1 Kc7 60.Rxb3 Kb7 61.Rb2 Kc7 62.Rf2 Kc6 63.Rf4 Kc7 64.Ke3 Kc6  1/2-1/2

[Event "FSIMA October"]
[Site "Budapest HUN"]
[Date "2000.10.12"]
[Round "6"]
[White "Jamrich,G"]
[Black "Bree,T"]
[Result "1-0"]
[WhiteElo "2225"]
[BlackElo "2252"]

1.e4 d6 2.d4 Nf6 3.Nc3 c6 4.f3 Qa5 5.Be3 e5 6.Bc4 Nbd7 7.a3 b5 8.b4 Qc7 9.Ba2 a6
10.Nge2 Be7 11.Ng3 Nb6 12.Nce2 O-O 13.Rc1 a5 14.Ra1 Na4 15.Qd2 Rd8 16.O-O d5
17.c3 Be6 18.Qc2 exd4 19.Nxd4 Nb6 20.Ndf5 Bxf5 21.Nxf5 Nc4 22.Bxc4 bxc4 23.Nxe7+ Qxe7
24.Bb6 Re8 25.Bxa5 dxe4 26.fxe4 Nxe4 27.Bb6 g6 28.Rfe1 f5 29.a4 Qe5 30.Bd4 Qc7
31.Qa2 Qf7 32.a5 h5 33.a6 Kh7 34.Qa5 Re7 35.Qb6 Qd5 36.Ra5 Qd7 37.Re5 Rf7
38.Qa5 h4 39.Qa2 Qc8 40.Qxc4 Rd7 41.Ra1 Qd8 42.Re1 h3 43.g3 Qg5 44.R1xe4  1-0

[Event "Tatry Open"]
[Site "Tatranske Zruby SVK"]
[Date "2000.10.13"]
[Round "7"]
[White "Walek,M"]
[Black "Hasangatin,R"]
[Result "0-1"]
[WhiteElo "2314"]
[BlackElo "2480"]

1.e4 d6 2.d4 Nf6 3.Nc3 e5 4.dxe5 dxe5 5.Qxd8+ Kxd8 6.Bg5 Be6 7.O-O-O+ Nd7
8.f4 exf4 9.Nf3 h6 10.Bxf4 c6 11.Nd4 Bb4 12.Nxe6+ fxe6 13.e5 Bxc3 14.bxc3 Nd5
15.Bd2 b5 16.c4 bxc4 17.Bxc4 Ke7 18.Be2 c5 19.c4 Nb4 20.a3 Nc6 21.Bf3 Rac8
22.Bf4 Nd4 23.Rd3 Rb8 24.Rhd1 Rb6 25.Rxd4 cxd4 26.Rxd4 Rhb8 27.Bd2 Nc5 28.Rg4 Rb1+
29.Kc2 R1b2+ 30.Kc3 Na4+ 31.Kd3 Rd8+ 32.Ke3 Rbxd2 33.Rxg7+ Kf8 34.Rxa7 R8d3+
35.Kf4 Rd4+ 36.Kg3 Nc5  0-1

[Event "Monarch Assurance Open"]
[Site "Port Erin IOM"]
[Date "2000.10.14"]
[Round "1"]
[White "Benson,P"]
[Black "Hickman,J"]
[Result "0-1"]
[WhiteElo "2011"]
[BlackElo "2127"]

1.d4 d6 2.e4 Nf6 3.Nc3 c6 4.Bd3 e5 5.Nce2 Nbd7 6.c3 Be7 7.f4 O-O 8.Nf3 Qc7
9.O-O b6 10.Ng3 Bb7 11.Nf5 Rae8 12.Nxe7+ Rxe7 13.fxe5 dxe5 14.Nxe5 Nxe5 15.dxe5 Nd7
16.Bg5 Ree8 17.Qh5 Nxe5 18.Bc2 c5 19.Rad1 Bc6 20.Bf4 Qe7 21.Bxe5 Qxe5 22.Rf5 Qe6
23.e5 Qg6 24.Rd6  0-1

[Event "Bundesliga 2000-1"]
[Site "Wattenscheid GER"]
[Date "2000.10.14"]
[Round "1"]
[White "Gallagher,Jo"]
[Black "Bauer,Ch"]
[Result "1/2-1/2"]
[WhiteElo "2514"]
[BlackElo "2562"]

1.e4 d6 2.d4 Nf6 3.Nc3 Nbd7 4.g3 e5 5.Nge2 c6 6.a4 Be7 7.Bg2 O-O 8.O-O Re8
9.h3 Bf8 10.Re1 b6 11.Be3 Bb7 12.Qd2 a6 13.g4 exd4 14.Nxd4 b5 15.axb5 axb5
16.Rxa8 Qxa8 17.g5 b4 18.gxf6 bxc3 19.Qxc3 Nxf6 20.Bg5 Nd7 21.Nf5 Re6 22.Re3 c5
23.Rg3 Ne5 24.Bh6 Rg6 25.Bxg7 Bxg7 26.Nxg7 Bxe4 27.Bxe4 Qxe4 28.Ne8 Kf8 29.Nc7 Ke7
30.Rxg6 hxg6 31.Kf1 Kd7 32.Nb5 Kc6 33.Na3 Nf3 34.Qe3 Qxe3 35.fxe3 Nd2+ 36.Ke2 Ne4
37.Kf3 d5 38.h4 f6 39.c3 Nd2+ 40.Ke2 Kd6 41.Nc2 Nc4 42.b3 Na5 43.b4 Nc6 44.Kd3 Ne5+
45.Ke2 Nc6 46.Kd3 Ne5+ 47.Ke2 Nc6 48.Kd3  1/2-1/2

[Event "Monarch Assurance Open"]
[Site "Port Erin IOM"]
[Date "2000.10.15"]
[Round "2"]
[White "Ellison,D"]
[Black "Bergstrom,R"]
[Result "1/2-1/2"]
[WhiteElo "2100"]
[BlackElo "2308"]

1.e4 d6 2.d4 Nf6 3.Nc3 Nbd7 4.Nf3 e5 5.Bc4 Be7 6.O-O O-O 7.a4 c6 8.Re1 Re8
9.Bb3 h6 10.Nh4 exd4 11.Qxd4 Nc5 12.Ng6 Nxb3 13.Nxe7+ Qxe7 14.cxb3 c5 15.Qd3 Be6
16.Bf4  1/2-1/2

[Event "Tatry Open"]
[Site "Tatranske Zruby SVK"]
[Date "2000.10.15"]
[Round "9"]
[White "Mitura,V"]
[Black "Strasil,P"]
[Result "1/2-1/2"]
[WhiteElo "2241"]
[BlackElo "2103"]

1.d4 d6 2.e4 Nf6 3.Nc3 c6 4.Nf3 Bg4 5.Be2 e6 6.Be3 Be7 7.O-O O-O 8.Nd2 Bxe2
9.Qxe2 d5 10.exd5 Nxd5 11.Nxd5 exd5 12.Nf3 Nd7 13.Bf4 Bf6 14.c3 Re8 15.Qc2 Nf8
16.Be5  1/2-1/2

[Event "FSIMA October"]
[Site "Budapest HUN"]
[Date "2000.10.16"]
[Round "10"]
[White "Resika,N"]
[Black "Bree,T"]
[Result "1-0"]
[WhiteElo "2267"]
[BlackElo "2252"]

1.e4 d6 2.d4 Nf6 3.Nc3 c6 4.Nf3 Bg4 5.h3 Bh5 6.Qe2 Bxf3 7.Qxf3 e5 8.dxe5 dxe5
9.Bc4 b5 10.Bb3 Nbd7 11.O-O Nc5 12.Bg5 Be7 13.a4 b4 14.Ne2 h6 15.Rfd1 Qc7
16.Bxf6 Bxf6 17.Ng3 Nb7 18.Nf5 Rd8 19.Rxd8+ Kxd8 20.Rd1+ Kc8 21.Nxg7 Bxg7
22.Qg4+ Kb8 23.Qxg7 Rd8 24.Rxd8+ Nxd8 25.Qxh6 Qd7 26.Qf6 Qd4 27.c3 bxc3 28.bxc3 Qb6  1-0

[Event "Monarch Assurance Open"]
[Site "Port Erin IOM"]
[Date "2000.10.16"]
[Round "3"]
[White "Arakhamia,K"]
[Black "Hickman,J"]
[Result "1-0"]
[WhiteElo "2405"]
[BlackElo "2127"]

1.e4 d6 2.d4 Nf6 3.Nc3 c6 4.f4 Qa5 5.Bd3 e5 6.Nf3 Bg4 7.Be3 Nbd7 8.O-O exf4
9.Bxf4 Qb4 10.Ne2 d5 11.exd5 Nxd5 12.Bd2 Qb6 13.Qe1 O-O-O 14.Ba5 Qxb2 15.Bxd8  1-0

[Event "1st It A"]
[Site "Salou ESP"]
[Date "2000.10.19"]
[Round "4"]
[White "Stefanova,A"]
[Black "Oratovsky,M"]
[Result "1-0"]
[WhiteElo "2514"]
[BlackElo "2486"]

1.d4 d6 2.e4 Nf6 3.Nc3 c6 4.f4 Qa5 5.e5 Ne4 6.Qf3 Nxc3 7.Bd2 Qd5 8.bxc3 Bf5
9.Bd3 Qxf3 10.Nxf3 Bxd3 11.cxd3 e6 12.Ke2 Na6 13.g4 Nc7 14.Rhf1 Be7 15.c4 d5
16.Rab1 O-O-O 17.c5 h5 18.h3 hxg4 19.hxg4 Rh3 20.a4 Rdh8 21.Rg1 g6 22.Be3 Bd8
23.Bf2 Be7 24.Rgc1 Rd8 25.Rb2 Rd7 26.Rg1 Ne8 27.Rbb1 Nc7 28.Rh1 Rxh1 29.Rxh1 b6
30.Bh4 Ne8 31.Bxe7 Rxe7 32.Rh8 Kd7 33.Rf8 Nc7 34.Ng5 Na6 35.Ra8 bxc5 36.Rxa7+ Nc7
37.dxc5 Re8 38.Ke3 Rf8 39.Rb7 f6 40.Nh7 Rh8 41.Nxf6+  1-0

[Event "22nd Open"]
[Site "Arco ITA"]
[Date "2000.10.21"]
[Round "1"]
[White "Inkiov,V"]
[Black "Lovati,P"]
[Result "1-0"]
[WhiteElo "2416"]
[BlackElo "2084"]

1.d4 d6 2.e4 Nf6 3.Nc3 c6 4.g3 g6 5.Bg2 Bg7 6.Nge2 O-O 7.O-O a5 8.h3 Na6
9.Be3 e5 10.f4 exd4 11.Nxd4 Qc7 12.Re1 Re8 13.Bf2 Bd7 14.Qd2 Rad8 15.Rad1 b6
16.e5 dxe5 17.fxe5 Nd5 18.Ndb5 Qb8 19.Nxd5 cxd5 20.Nd6 Rxe5 21.Rxe5 Bxe5
22.Qxd5 Bxd6 23.Qxd6 Qxd6 24.Rxd6 Nb8 25.Bxb6 Rc8 26.Bxa5 Rxc2 27.Bc3 Re2
28.h4 Re6 29.Rxe6 Bxe6 30.a4 Kf8 31.a5 Ke8 32.Be5 Na6 33.Bf1 Bc8 34.Kf2 Bb7
35.Bc4  1-0

[Event "TCh-FIN 00-01"]
[Site "FIN"]
[Date "2000.10.21"]
[Round "3"]
[White "Nouro,M"]
[Black "Puranen,J"]
[Result "0-1"]
[WhiteElo "2390"]
[BlackElo "2317"]

1.e4 d6 2.d4 Nf6 3.Nc3 c6 4.Nge2 Qa5 5.f3 e5 6.Be3 Be7 7.Qd2 Be6 8.Rd1 O-O
9.dxe5 dxe5 10.Nc1 Nbd7 11.Bd3 Bc5 12.Nb3 Bxe3 13.Nxa5 Bxd2+ 14.Rxd2 Nc5
15.Bc4 Bxc4 16.Nxc4 Rfe8 17.O-O g6 18.Rfd1 Re7 19.b4 Ncd7 20.g4 Nf8 21.Rd8 Rxd8
22.Rxd8 Kg7 23.g5 Ne8 24.b5 Ne6 25.Rc8 Nxg5 26.bxc6 bxc6 27.Kf2 Re6 28.Na5 Rf6
29.Ke2 Nd6 30.Rxc6 Nxf3 31.Nb3 Ng1+ 32.Ke1 Nxe4 33.Rxf6 Nxf6 34.Kf2 Nh3+
35.Kg3 Nf4 36.Nb5 a6 37.Nc7 Ne4+ 38.Kf3 Nc3 39.Nxa6 Nxa2 40.c4 Nc3 41.c5 Ne6
42.c6 e4+ 43.Ke3 f5 44.Nbc5 Nd5+ 45.Kf2 Nxc5 46.Nxc5 Kf6 47.Kg3 Ke7 48.Nb7 Nb4
49.c7 Kd7 50.Nd6 Kxc7 51.Ne8+ Kc6 52.Nf6 h6 53.Ng8 Kd6 54.Nxh6 Ke6 55.h4 Nd5  0-1

[Event "Monarch Assurance Open"]
[Site "Port Erin IOM"]
[Date "2000.10.21"]
[Round "8"]
[White "Kosteniuk,A"]
[Black "Bergstrom,R"]
[Result "0-1"]
[WhiteElo "2398"]
[BlackElo "2308"]

1.e4 d6 2.d4 Nf6 3.Nc3 Nbd7 4.f4 e5 5.Nf3 exd4 6.Qxd4 c6 7.Be3 d5 8.exd5 Bc5
9.Qd3 Qe7 10.Nd4 Nxd5 11.Nxd5 cxd5 12.Nf5 Qf6 13.O-O-O O-O 14.g3 Bb6 15.Qxd5 Nb8
16.Bxb6 axb6 17.Bd3 Ra5 18.Qd6 Bxf5 19.Qxf6 gxf6 20.b4 Rd5 21.Bxf5 Rxf5 22.Rhf1 Rh5
23.h4 f5 24.Rd6 Nc6 25.b5 Na5 26.Rxb6 Kg7 27.Rd1 Rh6 28.Rxh6 Kxh6 29.Rd5 Kg6
30.Kb2 Rc8 31.a4 f6 32.c3 Rc4 33.Rd8 Rxa4 34.Kc2 Re4 35.Ra8 Nc4 36.Kd3 b6
37.Ra7 h6 38.Ra8 Nb2+ 39.Kc2 Na4 40.c4 Nc5 41.Kc3 Re3+ 42.Kc2 Re6 43.Rg8+ Kf7
44.Rb8 Rd6 45.Rh8 Kg7 46.Rc8 Ne4 47.Kb3 Nc5+ 48.Kc2 Rd4 49.Kc3 Rd3+ 50.Kc2 Rxg3
51.h5 Rh3 52.Rc7+ Kg8 53.Rc6 Na4 54.Rxf6 Rc3+ 55.Kd2 Rxc4 56.Rxf5 Rc5 57.Rf6 Rxh5
58.f5 Kg7 59.Rg6+ Kf7 60.Kc2 Rxf5 61.Rxh6 Rxb5 62.Rh4 Nc5 63.Kc3 Ke6 64.Kc4 Rb1
65.Rh6+ Kd7 66.Kd5 Rd1+ 67.Kc4 Rd6 68.Rh8 Kc6 69.Rc8+ Kb7 70.Rh8 Ne6  0-1

[Event "Monarch Assurance Open"]
[Site "Port Erin IOM"]
[Date "2000.10.22"]
[Round "9"]
[White "Ellison,D"]
[Black "Hickman,J"]
[Result "1-0"]
[WhiteElo "2100"]
[BlackElo "2127"]

1.e4 d6 2.d4 Nf6 3.Nc3 c6 4.f4 Qa5 5.e5 Ne4 6.Qf3 d5 7.Bd3 Na6 8.Ne2 Nb4
9.O-O Nxc3 10.bxc3 Nxd3 11.cxd3 g6 12.a4 h5 13.Qe3 Bf5 14.Ba3 e6 15.Bxf8 Kxf8
16.Rfb1 Qa6 17.Rd1 Kg7 18.Nc1 b6 19.Nb3 Rhb8 20.g3 Kf8 21.Rd2 Ke7 22.Kg2 h4
23.Qf3 hxg3 24.hxg3 g5 25.g4 Bh7 26.f5 Rf8 27.Rf2 Rae8 28.Qh3 Rh8 29.Qf3 Rhf8
30.Qe3 Kd7 31.Rh1 Bg8 32.a5 Kc7 33.axb6+ axb6 34.Ra1 Qb7 35.Qxg5 exf5 36.gxf5 Bh7
37.Qf6 Rd8 38.Qe7+ Kc8 39.Qa3 Kc7 40.Qe7+ Kc8 41.Qb4 c5 42.Nxc5 bxc5 43.Qxc5+ Kb8
44.Raa2 Rg8+ 45.Kf3 Bxf5 46.Rfb2 Bg4+ 47.Ke3 Bc8 48.Rxb7+ Bxb7 49.Rf2 Rg3+
50.Rf3 Rxf3+ 51.Kxf3 Rd7 52.Kf4 Ba6 53.Qb6+ Bb7 54.c4 Kc8 55.c5 Rc7 56.Qd6 Bc6
57.Kg5 Kb7 58.Kf6 Rd7 59.Qxd7+  1-0

[Event "22nd Open"]
[Site "Arco ITA"]
[Date "2000.10.25"]
[Round "5"]
[White "Kloster,J"]
[Black "Lovati,P"]
[Result "1-0"]
[WhiteElo "2135"]
[BlackElo "2084"]

1.e4 d6 2.d4 Nf6 3.Nc3 c6 4.f4 Qa5 5.Bd2 e5 6.Nd5 Qd8 7.Nxf6+ Qxf6 8.Nf3 exd4
9.Bc4 Be6 10.Bd3 Bg4 11.h3 Bxf3 12.Qxf3 Nd7 13.O-O O-O-O 14.b4 g6 15.a4 Bh6
16.Qe2 Rde8 17.a5 d5 18.e5 Qd8 19.Qf2 f6 20.Qxd4 fxe5 21.Qxa7 e4 22.Be2 Bg7
23.Ra3 Qf6 24.Be3 d4 25.a6 bxa6 26.Bg4 Qd6 27.Rd1 h5 28.Bxd4 Bxd4+ 29.Rxd4 Qxd4+
30.Qxd4 hxg4 31.hxg4 Rh7 32.Kf2 g5 33.Rxa6 Nb8 34.Ra8 e3+ 35.Ke2 gxf4 36.Qb6 Rb7
37.Qxc6+ Rc7 38.Qxe8+ Kb7  1-0

[Event "22nd Open"]
[Site "Arco ITA"]
[Date "2000.10.27"]
[Round "7"]
[White "Molzahn,N"]
[Black "Lovati,P"]
[Result "0-1"]
[WhiteElo "2064"]
[BlackElo "2084"]

1.d4 d6 2.e4 Nf6 3.Nc3 c6 4.Bd3 e5 5.Nge2 Nbd7 6.O-O Qb6 7.Na4 Qc7 8.f4 g6
9.c4 exd4 10.Nxd4 Bg7 11.Be3 O-O 12.b4 Re8 13.Nc3 a5 14.a3 axb4 15.axb4 Rxa1
16.Qxa1 Ng4 17.Qc1 Nxe3 18.Qxe3 Qb6 19.Nce2 Qxb4 20.f5 d5 21.fxg6 hxg6 22.cxd5 cxd5
23.Qf2 Ne5 24.exd5 f5 25.Bb5 Ng4 26.Qf4 Re4 27.Qc7 Bxd4+ 28.Kh1 Qxb5 29.Qxc8+  0-1

[Event "4th OIBM"]
[Site "Bad Wiessee GER"]
[Date "2000.10.28"]
[Round "1"]
[White "Kruek,J"]
[Black "Hertneck,G"]
[Result "0-1"]
[WhiteElo "2041"]
[BlackElo "2541"]

1.e4 d6 2.d4 Nf6 3.Nc3 c6 4.h3 b5 5.Bd3 Nbd7 6.Nf3 e5 7.O-O Bb7 8.Re1 Be7
9.Bg5 O-O 10.Qd2 Re8 11.Rad1 Qc7 12.Ne2 Bf8 13.Ng3 a6 14.c3 h6 15.Be3 c5
16.d5 c4 17.Bb1 Nc5 18.Nh4 Bc8 19.Nhf5 Kh7 20.f4 Bxf5 21.exf5 Kg8 22.Qf2 exf4
23.Bxf4 Rxe1+ 24.Qxe1 Re8 25.Qf2 Na4 26.Rd2 Qb6 27.Rd4 b4 28.cxb4 Qxb4 29.b3 Qe1+
30.Qxe1 Rxe1+ 31.Kf2 Rxb1 32.bxa4 Rb2+ 33.Rd2 c3 34.Re2 Nxd5 35.Bc1 Nb4 36.Ke3 Rb1
37.Ba3 c2  0-1

[Event "34th Olympiad"]
[Site "Istanbul TUR"]
[Date "2000.10.28"]
[Round "1"]
[White "Cave,C"]
[Black "Bauer,Ch"]
[Result "0-1"]
[WhiteElo "2296"]
[BlackElo "2562"]

1.e4 d6 2.d4 Nf6 3.Nc3 Nbd7 4.Bg5 e5 5.Nf3 Be7 6.Be2 O-O 7.h3 c6 8.Qd2 b5
9.Bxf6 Bxf6 10.d5 b4 11.Na4 cxd5 12.Qxd5 Nb6 13.Nxb6 Qxb6 14.Nd2 Bb7 15.Qd3 Rfd8
16.Qb5 Qxb5 17.Bxb5 d5 18.Bd3 Bg5 19.exd5 Bxd5 20.Ne4 Bh4 21.g4 Kf8 22.Rg1 Rac8
23.Ke2 g6 24.g5 h6 25.Rg4 hxg5 26.Nf6 e4 27.Rxe4 Bxe4 28.Nxe4 f5 29.Nd2 Rd4
30.a3 Re8+ 31.Kf1 Rf4 32.f3 bxa3 33.Rxa3 Be1 34.Nc4 Rxf3+ 35.Kg2 Rf2+ 36.Kg1 Rf4
37.Ra6 Bf2+ 38.Kg2 Bh4 39.Ra1 g4 40.hxg4 Rxg4+ 41.Kf3 g5 42.Rh1 Rg3+ 43.Kf2 Rh3+
44.Kg2 Rxh1 45.Kxh1 f4 46.Nd6 Re1+ 47.Kg2 g4 48.Nf5 f3+ 49.Kh2 Bf2 50.b4 Rg1
51.Nh4 g3+ 52.Kh3 Rh1+ 53.Kg4 Rxh4+  0-1

[Event "34th Olympiad Women"]
[Site "Istanbul TUR"]
[Date "2000.10.28"]
[Round "1"]
[White "Sziva,E"]
[Black "Carvalho,Al"]
[Result "1-0"]
[WhiteElo "2311"]
[BlackElo "2063"]

1.e4 d6 2.d4 Nf6 3.Nc3 Nbd7 4.Nf3 e5 5.Bc4 Be7 6.O-O O-O 7.a4 c6 8.Ba2 Qc7
9.Qe2 b6 10.Bg5 a6 11.Rad1 Bb7 12.d5 c5 13.Nh4 Qd8 14.Nf5 b5 15.f4 b4 16.Nb1 exf4
17.Bxf4 Nb6 18.c4 Re8 19.Qf3 Qd7 20.a5 Nc8 21.Nd2 Bf8 22.Bg5 Ne7 23.Nxg7 Bxg7
24.Bxf6 Ng6 25.Bb3 Qc7 26.Rf2 Bc8 27.Rdf1 Ra7 28.h4 Qd7 29.Bxg7 Kxg7 30.h5 Ne5
31.Qf6+ Kf8 32.Qh6+ Ke7 33.Qxh7 Kd8 34.Qg7  1-0

[Event "34th Olympiad Women"]
[Site "Istanbul TUR"]
[Date "2000.10.28"]
[Round "1"]
[White "Hassan,A"]
[Black "Agrest,S"]
[Result "1/2-1/2"]
[WhiteElo "2015"]
[BlackElo "2210"]

1.e4 d6 2.d4 Nf6 3.Nc3 e5 4.dxe5 dxe5 5.Qxd8+ Kxd8 6.Bc4 Be6 7.Bxe6 fxe6
8.Bg5 Bd6 9.O-O-O Nc6 10.Nb5 Ke7 11.Nxd6 cxd6 12.Ne2 Rac8 13.Rd2 h6 14.Bxf6+ gxf6
15.Rhd1 Rhd8 16.Ng3 Rd7 17.f3 a6 18.Nf1 f5 19.exf5 exf5 20.Ne3 Ke6 21.Nc4 Rcd8
22.Nb6 Rg7 23.c3 Ne7 24.c4 Nc6 25.c5 Nd4 26.cxd6 Rxd6 27.Na4 Rc6+ 28.Kb1 b5
29.Nc3 b4 30.Ne2 Nb5 31.g3 Rgc7 32.Re1 Kf6 33.Red1 Ke6 34.Re1 Kf6 35.Red1  1/2-1/2

[Event "4th OIBM"]
[Site "Bad Wiessee GER"]
[Date "2000.10.30"]
[Round "3"]
[White "Khenkin,I"]
[Black "Koscielski,J"]
[Result "0-1"]
[WhiteElo "2633"]
[BlackElo "2359"]

1.d4 d6 2.e4 Nf6 3.Nc3 e5 4.dxe5 dxe5 5.Qxd8+ Kxd8 6.Bg5 Be6 7.g3 Bb4 8.O-O-O+ Kc8
9.Bxf6 gxf6 10.Nd5 Bc5 11.Nxf6 Bxf2 12.Bh3 Nc6 13.Bxe6+ fxe6 14.Nh3 Be3+
15.Kb1 b6 16.Rhe1 Bc5 17.Ng5 Be7 18.Rf1 Nd8 19.h4 h6 20.Ngh7 Nb7 21.g4 Nd6
22.Rde1 Kb7 23.g5 hxg5 24.hxg5 Bxf6 25.Nxf6 Rh4 26.Rh1 Rf4 27.Rhf1 Ne8 28.Rxf4 exf4
29.e5 Ng7 30.Rh1 f3 31.Kc1 Nf5 32.Rh3 Nd4 33.Rh2 Rd8 34.c3 Nf5 35.Rf2 Ne3
36.b3 Rd1+ 37.Kb2 Rd3 38.g6 Nd1+ 39.Kc2 Nxf2 40.g7 Rd8 41.g8=Q Rxg8 42.Nxg8 Ng4
43.Kd3 c5 44.Nf6 Nxe5+ 45.Ke3 Kc6 46.Ne4 b5 47.a3 a5 48.Kf4 Nd7 49.Kxf3 Nb6
50.Nd2 a4 51.bxa4 Nxa4 52.c4 b4 53.axb4 cxb4 54.Kf4 Nc5 55.Ke5 Kd7 56.Nb1 Nb3
57.Kf4 Kd6 58.Ke4 Nc5+ 59.Kf4 e5+ 60.Ke3 Nb3 61.Kd3 Ke6 62.Ke4 Nc5+ 63.Ke3 Kf6
64.Nd2 Kf5 65.Nf1 b3 66.Ng3+ Kg4 67.Ne2 Na4 68.Kd3 Kf3 69.Ng1+ Kg2 70.Ne2 Kf2
71.Nc3 Nxc3 72.Kxc3 e4  0-1